| 000 | 00910nam a2200253 a 4500 | ||
|---|---|---|---|
| 999 |
_c7422 _d7422 |
||
| 003 | OSt | ||
| 005 | 20211122191556.0 | ||
| 008 | 051130s2005 sp |||||| 001 ||spa| | ||
| 017 | _aDL B. 36878-2005 | ||
| 020 | _a8466316744 | ||
| 040 |
_aNo BUC. _dSpMaUCGH _bcat _cCDMR |
||
| 041 | 1 |
_aspa. _heng |
|
| 080 | _a323.28"2001" | ||
| 100 | 1 | _aHersh, Seymour M. | |
| 245 | 1 | 0 |
_aObediencia debida : _bdel 11-S a las torturas de Abu Ghraib / _cSeymour M. Hersh ; traducción de Isabel Murillo y Luis Murillo Fort |
| 260 |
_a[Barcelona: _bSuma de Lletres], _ccop. 2005 |
||
| 300 |
_a579 p. ; _c18 cm |
||
| 490 |
_aPunto de lectura; _v658/1 |
||
| 546 | _aTrad. de: Chain of command : the road from 9/11 to Abu Ghraib | ||
| 650 | 0 | 0 |
_aTerrorisme i mitjans de comunicació de massa _zEstats Units _91994 |
| 650 | 0 | 0 |
_aGuerra d'Afganistan, 2001- _93583 |
| 650 | 0 | 0 |
_aGuerra d'Iraq, 2003-2011 _93582 |
| 942 |
_2udc _cMON |
||